Štúdia potreby detských balení liekov ; J. Zych, J. Nemšáková, J. Solich, N. Luknárová

Podrobná bibliografia
Hlavní autori: Zych, J. (Autor), Nemšáková, J. (Autor), Solich, Jan, 1928-2018 (Autor), Luknárová, Natália (Autor)
Médium: Článok
Jazyk:slovenčina
Fyzický popis:Tb. 4. Res. rus., angl., nem., lit. 5 zázn. v slov., češ.
Predmet:

MARC

LEADER 00000nab a2200000 a 4500
001 vtls000248786
003 SK-MaSNL
005 20260305003614.0
008 250422c1986 xo 0 slo
015 |a SNBRB19rr/mm-uuuuu 
035 |a CL0258900 
035 |a urn:nbn:sk:snk-ab1o6x 
035 |a (urnnbn)urn:nbn:sk:snk:ar-004qbs 
035 |a (uuid)d28f3cfb-5c98-4162-8d77-9773ac9976b1 
040 |a SNKBUCL  |b slo  |c SNKBUCL  |e AACR2 
041 0 |a slo 
044 |a xo  |c SK 
080 |a 615.2.014.8  |2 1981 
080 |a 616-O53.2  |2 1981 
080 |a 615.032  |2 1981 
245 0 0 |a Štúdia potreby detských balení liekov ; J. Zych, J. Nemšáková, J. Solich, N. Luknárová 
300 |b Tb. 4. Res. rus., angl., nem., lit. 5 zázn. v slov., češ. 
650 0 7 |a lieky  |2 snkbucl  |9 2515 
650 0 7 |a balenie liekov  |2 snkbucl  |9 1431343 
655 7 |a články z novín a časopisov  |2 snkbucl  |9 267496 
700 1 |a Zych, J.  |4 aut  |9 1180061 
700 1 |a Nemšáková, J.  |4 aut  |9 1580672 
700 1 |a Solich, Jan,  |d 1928-2018  |4 aut  |9 39365 
700 1 |a Luknárová, Natália  |4 aut  |9 6859 
773 0 |t Farmaceutický obzor  |g Roč. 55, č. 3 (1986), s. 117-122 
850 |a Slovenská národná knižnica 
852 |a Slovenská národná knižnica 
954 |a odborná, vedecká literatúra pôvodná (slovenská)  |2 lita 
958 |a article27 
958 |a OND 
958 |a NB 
958 |a RK 
958 |a MI 
958 |a EUIPO 
992 |a RBX 
999 |c 3231128  |d 3233058